|
|
|
|
| LEADER |
00959nam a2200325 4500 |
| 001 |
DLU120140664 |
| 005 |
##20120914 |
| 020 |
# |
# |
|a 9786046400455
|
| 040 |
# |
# |
|a DLU
|b vie
|
| 041 |
# |
# |
|a vie
|
| 044 |
# |
# |
|a vn
|
| 082 |
# |
# |
|a 393.9
|b Cac
|
| 245 |
# |
# |
|a Các bài giảng về tục tang ma người Chăm Ahiêr /
|c Sử Văn Ngọc, Sử Thị Gia Trang sưu tầm và giới thiệu.
|
| 260 |
# |
# |
|a H. :
|b Thanh niên,
|c 2012.
|
| 300 |
# |
# |
|a 259 tr. ;
|c 21 cm.
|
| 504 |
# |
# |
|a Tài liệu tham khảo: tr.256.
|
| 650 |
# |
# |
|a Chăm (Dân tộc Đông Nam Á)
|x Tang lễ và nghi thức.
|
| 700 |
# |
# |
|a Sử Thị Gia Trang,
|e sưu tầm và giới thiệu.
|
| 700 |
# |
# |
|a Sử Văn Ngọc,
|e sưu tầm và giới thiệu.
|
| 923 |
# |
# |
|a 05/2012
|
| 991 |
# |
# |
|a SH
|
| 992 |
# |
# |
|a 10400
|
| 994 |
# |
# |
|a DLU
|
| 900 |
# |
# |
|a True
|
| 911 |
# |
# |
|a Đào Thị Thu Huyền
|
| 925 |
# |
# |
|a G
|
| 926 |
# |
# |
|a A
|
| 927 |
# |
# |
|a SH
|
| 980 |
# |
# |
|a Thư viện Trường Đại học Đà Lạt
|